Online Catalogue and eLibrary

LTTE ya handuna ganeema (Record no. 1284)

MARC details
000 -LEADER
fixed length control field 00375nam a2200145Ia 4500
005 - DATE AND TIME OF LATEST TRANSACTION
control field 20250529024606.0
008 - FIXED-LENGTH DATA ELEMENTS--GENERAL INFORMATION
fixed length control field 240331s9999 xx 000 0 und d
082 ## - DDC Classification
Class No. 303.6
Item Number - Author Mark RAG
100 ## - MAIN ENTRY--PERSONAL NAME
Personal name Ragudevan
245 #0 - TITLE STATEMENT
Title LTTE ya handuna ganeema
260 ## - PUBLICATION, DISTRIBUTION, ETC.
Place of publication, distribution, etc. Boralesgamuwa
Name of publisher, distributor, etc. Jayampathi Bulathsinhala
Date of publication, distribution, etc. 1995
300 ## - PHYSICAL DESCRIPTION
Extent (e.g. Volumes, Pages etc.) 72 p .,
500 ## - GENERAL NOTE
General note Identification of the LTTE
942 ## - Koha item type (Biblio)
Koha item type Books in Stacks (Lending)
Holdings
Lost status Damaged status Collection code Home library Current library Shelving location Date acquired Full call number Accession Number Item type
    Lending WERC Library WERC Library Social Science Cupboard 03/31/2024 303.6 RAG 5231 Books in Stacks (Lending)

© WERC Library